[Event "AUTO-INT-3281"]
[Site "http://www.queenalice.com/game.php?id=1496096"]
[Date "2017.9.22"]
[Round "1"]
[White "EdBrazil"]
[Black "spin27"]
[Result "0-1"]
[WhiteElo "1595"]
[BlackElo "1660"]

1. d4 d5 2. f4 e6 3. e3 Nf6 4. Bd3 c5 5. Nf3 c4 6. Be2 Qa5+ 7. Bd2 Bb4 8. Nc3
Ne4 9. Nxe4 dxe4 10. Ne5 b5 11. a3 Bxd2+ 12. Qxd2 Qxd2+ 13. Kxd2 O-O 14. Raf1
Bb7 15. f5 exf5 16. Rxf5 f6 17. Ng4 Bc6 18. Rhf1 Nd7 19. R1f4 Rf7 20. Nf2 g6 21.
Rg4 Kh8 22. Rff4 f5 23. Rh4 g5 24. Bh5 Rff8 25. Bg6 gxh4 26. Rxh4 Kg7 27. Bxh7
Rh8 28. Rh6 Kxh6 29. Bxf5 Rae8 30. d5 Rhf8 31. Ng4+ Kg5 32. dxc6 Rxf5 33. cxd7
Rd8 34. h3 Rxd7+ 35. Ke2 Kh4 36. Nh6 Rf8 37. Ng4 Kg3 38. Ne5 Rd6 39. a4 a6 40.
axb5 axb5 41. b3 c3 42. Ng4 Kxg2 43. h4 Rh8 44. Nf2 Re6 45. b4 Rxh4 46. Kd1 Kxf2
0-1

[Event "AUTO-INT-3281"]
[Site "http://www.queenalice.com/game.php?id=1496097"]
[Date "2017.9.22"]
[Round "1"]
[White "spin27"]
[Black "EdBrazil"]
[Result "0-1"]
[WhiteElo "1680"]
[BlackElo "1587"]

1. c4 e5 2. Nc3 c5 3. d3 d6 4. Nf3 Nc6 5. Qa4 Bd7 6. Bg5 Be7 7. Bxe7 Ngxe7 8. e3
Nb4 9. Qd1 Ng6 10. d4 Bg4 11. Be2 Nd3+ 12. Qxd3 cxd4 13. exd4 Nf4 14. Qe4 Nxg2+
15. Kd2 Nf4 16. Qxb7 O-O 17. Rag1 Bxf3 18. Qxf3 Rb8 19. Qg4 g6 20. Qg5 Rxb2+ 21.
Ke3 Qa5 22. Rc1 f6 23. Qg4 Rxe2+ 24. Nxe2 Qxa2 25. Nxf4 exf4+ 26. Qxf4 Qa3+ 27.
Ke4 Re8+ 28. Kd5 Qa5+ 29. c5 Qa2+ 30. Rc4 dxc5 31. dxc5 Re5+ 32. Kd6 Qa6+ 33. c6
Qa3+ 34. Kc7 Qe7+ 35. Kb8 Qd8+ 36. Kxa7 Qc7+ 37. Ka6 Ra5# 0-1

[Event "Octobre 2017"]
[Site "http://www.queenalice.com/game.php?id=1496974"]
[Date "2017.9.30"]
[Round "-"]
[White "spin27"]
[Black "niclep"]
[Result "0-1"]
[WhiteElo "1673"]
[BlackElo "2137"]

1. Nf3 Nc6 2. e3 e5 3. d4 e4 4. Nfd2 d5 5. c4 Be6 6. Nc3 f5 7. Qb3 Bd7 8. Be2
Na5 9. Qc2 dxc4 10. Nxc4 Nc6 11. O-O a6 12. f3 Nb4 13. Qd1 Bc6 14. f4 Nf6 15. a3
Nbd5 16. Ne5 Qd6 17. Nxc6 Qxc6 18. Nxd5 Nxd5 19. Bd2 Be7 20. Rc1 Qd6 21. Bc4
O-O-O 22. Bxd5 Qxd5 23. Rc3 h6 24. Qb3 Qd7 25. Rfc1 Bd6 26. Qb6 Kb8 27. Qb3 g5
28. Rc6 Ka7 29. R6c4 c6 30. R4c2 gxf4 31. exf4 Bc7 32. Be3 Qd5 33. Qxd5 Rxd5 34.
Rc5 Rxc5 35. dxc5 Rd8 36. Re1 Rd5 37. Re2 a5 38. Rd2 Ka6 39. Kf2 Kb5 40. Kg3
Rxd2 41. Bxd2 Kxc5 42. Kh4 Kc4 43. Kh5 Kd3 44. Bc1 e3 45. Bxe3 Kxe3 46. Kxh6
Bxf4+ 47. Kg6 Ke4 48. g3 Bc1 49. h4 Bxb2 50. h5 c5 51. h6 c4 52. h7 Be5 53. Kf7
c3 54. Kg8 c2 55. h8=Q Bxh8 56. Kxh8 c1=Q 57. a4 Qg5 58. Kh7 Ke5 59. g4 Kf6 60.
gxf5 Qg7# 0-1

[Event "AUTO-OPEN-3863"]
[Site "http://www.queenalice.com/game.php?id=1500631"]
[Date "2017.10.27"]
[Round "1"]
[White "JosephPyehoor"]
[Black "spin27"]
[Result "1-0"]
[WhiteElo "1804"]
[BlackElo "1734"]

1. f3 d5 2. Kf2 e5 3. e3 Qf6 4. d4 e4 5. f4 h5 6. g3 c6 7. h3 Ne7 8. Bg2 b6 9.
c3 Nf5 10. Ne2 Ba6 11. h4 c5 12. b3 c4 13. b4 b5 14. Na3 Qc6 15. Nb1 g6 16. a4
f6 17. axb5 Bxb5 18. Na3 Ba4 19. Qd2 Qd7 20. Bh3 Rg8 21. Qb2 a6 22. Bd2 Bh6 23.
Nc2 g5 24. Rag1 g4 25. Bg2 Nc6 26. Ra1 Bb3 27. Nc1 Bxc2 28. Qxc2 Nd6 29. Na2 f5
30. Rhb1 Nb5 31. Bc1 a5 32. Bb2 Bf8 33. Qa4 Qb7 34. Qc2 axb4 35. cxb4 Nxb4 36.
Nxb4 Rxa1 37. Bxa1 Bxb4 38. Rxb4 Qa6 39. Qa4 Qxa4 40. Rxa4 Kf7 41. Ra5 Rb8 42.
Bf1 Ke6 43. Ra6+ Nd6 44. Ke2 Rc8 45. Bc3 Kd7 46. Kd2 Rc6 47. Ra7+ Rc7 48. Ra5
Ke6 49. Be2 Nb7 50. Ra6+ Nd6 51. Bd1 Rb7 52. Kc1 Kd7 53. Ba4+ Ke7 54. Bc6 Rb3
55. Kc2 Nb5 56. Bxb5 Rxb5 57. Rh6 Kf7 58. Rxh5 Kg6 59. Rg5+ Kf6 60. h5 Rb8 61.
h6 Rh8 62. Rh5 Kg6 63. Rh1 Rxh6 64. Rxh6+ Kxh6 65. Kb2 Kg6 66. Ka3 Kf6 67. Kb4
Ke6 68. Kc5 1-0

[Event "AUTO-OPEN-3863"]
[Site "http://www.queenalice.com/game.php?id=1500632"]
[Date "2017.10.27"]
[Round "1"]
[White "spin27"]
[Black "JosephPyehoor"]
[Result "0-1"]
[WhiteElo "1759"]
[BlackElo "1867"]

1. d4 c6 2. e4 d5 3. Nc3 dxe4 4. Nxe4 Bf5 5. Qd3 Bg6 6. Bf4 e6 7. Nf3 Nd7 8.
Nd6+ Bxd6 9. Qe3 Bxf4 10. Qxf4 Ne7 11. O-O-O Nd5 12. Qh4 Qxh4 13. Nxh4 Bh5 14.
Rd3 g5 15. Nf3 h6 16. h3 Bg6 17. Rb3 b5 18. Nd2 Ke7 19. g4 a6 20. h4 N7f6 21. h5
Bh7 22. Nf3 Be4 23. Rh3 Bxf3 24. Rhxf3 Rab8 25. c3 Nc7 26. c4 Nxg4 27. Bd3 Nf6
28. c5 Nxh5 29. Be4 Nd5 30. Bxd5 cxd5 31. c6 Rbc8 32. Rfc3 Rc7 33. Ra3 b4 0-1

[Event "AUTO-OPEN-3863"]
[Site "http://www.queenalice.com/game.php?id=1500659"]
[Date "2017.10.27"]
[Round "1"]
[White "spin27"]
[Black "gomague"]
[Result "1-0"]
[WhiteElo "1712"]
[BlackElo "1940"]

1. d4 e6 2. Nf3 b6 3. e4 Bb7 4. Bd3 Nf6 5. Nc3 Bb4 6. Bd2 Bxc3 7. Bxc3 Nxe4 8.
Bb4 d6 9. O-O Ng5 10. Qd2 Nxf3+ 11. gxf3 Bxf3 12. Rae1 Qh4 13. Re4 Qh3 14. Qg5
Bxe4 15. Bxe4 f5 16. Bxa8 Qg4+ 17. Qxg4 fxg4 18. Re1 Kd7 19. Re4 Na6 20. d5 Rxa8
21. dxe6+ Ke7 22. Bc3 Nc5 23. Rxg4 Nxe6 24. Bxg7 Rg8 25. Bf6+ Kf7 26. Rxg8 Kxg8
27. Bc3 Nf4 28. Kf1 Nd5 29. Ke2 Kf7 30. Kd3 Nf4+ 31. Ke4 Ne2 32. Kd5 Nf4+ 33.
Kc6 1-0

[Event "AUTO-OPEN-3863"]
[Site "http://www.queenalice.com/game.php?id=1500660"]
[Date "2017.10.27"]
[Round "1"]
[White "gomague"]
[Black "spin27"]
[Result "0-1"]
[WhiteElo "1895"]
[BlackElo "1737"]

1. e4 c5 2. Nf3 Nc6 3. d4 cxd4 4. Nxd4 e5 5. Nxc6 dxc6 6. Qxd8+ Kxd8 7. Bc4 f6
8. Bd2 g6 9. Nc3 b5 10. Bb3 Rb8 11. a3 h5 12. Bf7 Nh6 13. Ba2 a6 14. O-O f5 15.
Bxh6 Bxh6 16. Rad1+ Kc7 17. Rd3 Rd8 18. Rxd8 Kxd8 19. exf5 Bxf5 20. Bb1 a5 21.
Ne2 Bg7 22. Ng3 e4 23. c3 c5 24. Rd1+ Ke7 25. Bxe4 Bxe4 26. Nxe4 Rc8 27. Rd5 Rd8
28. Rxd8 Kxd8 29. Nxc5 Ke7 30. Nb3 a4 31. Nd2 Kd6 32. Kf1 Kd5 0-1

[Event "AUTO-OPEN-3863"]
[Site "http://www.queenalice.com/game.php?id=1500661"]
[Date "2017.10.27"]
[Round "1"]
[White "spin27"]
[Black "bluesman"]
[Result "1-0"]
[WhiteElo "1690"]
[BlackElo "1743"]

1. d4 d5 2. Nf3 Nf6 3. e3 Bg4 4. Nbd2 e6 5. Be2 c5 6. O-O cxd4 7. Nxd4 Bxe2 8.
Qxe2 a6 9. a4 Be7 10. c3 O-O 11. b4 Nc6 12. Ba3 Nxd4 13. exd4 b6 14. c4 dxc4 15.
Qxc4 Qd5 16. Rae1 Qxc4 17. Nxc4 b5 18. Nb2 Nd5 19. a5 Bxb4 20. Bxb4 Nxb4 21. Re4
Nc6 22. Ra1 Rfd8 23. Nd1 Nxd4 24. Ra2 Ne2+ 25. Kf1 1-0

[Event "AUTO-OPEN-3863"]
[Site "http://www.queenalice.com/game.php?id=1500662"]
[Date "2017.10.27"]
[Round "1"]
[White "bluesman"]
[Black "spin27"]
[Result "1/2-1/2"]
[WhiteElo "1745"]
[BlackElo "1688"]

1. Nf3 d5 2. d4 Nf6 3. e3 e6 4. c4 c6 5. Nc3 Nbd7 6. Bd2 Bb4 7. a3 Ba5 8. b4 Bc7
9. cxd5 Nxd5 10. Nxd5 cxd5 11. Be2 O-O 12. O-O Nf6 13. Rc1 Ne4 14. Rc2 Nxd2 15.
Qxd2 b6 16. Rfc1 Bd6 17. g3 Re8 18. Bb5 Bd7 19. Bxd7 Qxd7 20. Ne5 Bxe5 21. dxe5
Rec8 22. Rxc8+ Rxc8 23. Rxc8+ Qxc8 24. f4 1/2-1/2

[Event "AUTO-INT-3266"]
[Site "http://www.queenalice.com/game.php?id=1506975"]
[Date "2017.12.6"]
[Round "2"]
[White "talisman77"]
[Black "spin27"]
[Result "0-1"]
[WhiteElo "1808"]
[BlackElo "1713"]

1. d4 Nf6 2. Nc3 g6 3. Nf3 d5 4. e3 h5 5. Be2 Nc6 6. O-O Bf5 7. Ng5 Nb4 8. Bd2
Bxc2 9. Qc1 Bf5 10. Re1 Bh6 11. Nf3 Nc2 12. Ne5 Nxa1 13. f3 Nc2 14. Rf1 Nb4 15.
a3 Nc6 16. Nd3 Bxd3 17. Bxd3 Na5 18. Qc2 Nc4 19. Bxc4 dxc4 20. Qa4+ Qd7 21. Qxc4
e6 22. Re1 Nd5 23. Ne4 a6 24. Qxd5 exd5 25. Nf6+ Ke7 26. Nxd7 Kxd7 27. Rc1 Rhe8
28. f4 c6 29. Kf2 Ke6 30. Kf3 Kf5 31. h3 g5 32. g4+ hxg4+ 33. hxg4+ Kf6 34. Rh1
Rh8 35. f5 Bg7 36. Rc1 Rh3+ 37. Ke2 Rg3 38. Rh1 Rh8 39. Rxh8 Bxh8 40. Be1 Rxg4
41. Kf3 Kxf5 42. Bb4 Rg1 0-1

[Event "AUTO-INT-3266"]
[Site "http://www.queenalice.com/game.php?id=1506976"]
[Date "2017.12.6"]
[Round "2"]
[White "spin27"]
[Black "talisman77"]
[Result "1/2-1/2"]
[WhiteElo "1780"]
[BlackElo "1816"]

1. d4 d5 2. Nf3 Nc6 3. Bf4 Nf6 4. e3 e6 5. Bb5 Bd7 6. Nc3 Bb4 7. Qd2 O-O 8. Bxc6
Bxc6 9. a3 Ba5 10. b4 Bb6 11. a4 a5 12. Nb5 Bxb5 13. axb5 a4 14. O-O a3 15. Ra2
Ne4 16. Qd3 f6 17. Rfa1 c6 18. Rxa3 Rc8 19. bxc6 bxc6 20. Ra6 Rf7 21. Qa3 Rb7
22. Ra8 Kf7 23. Qa6 Qd7 24. Rxc8 Qxc8 25. Qa8 Qxa8 26. Rxa8 Bc7 27. Bxc7 Rxc7
28. Ra3 g6 29. Kf1 h5 30. Ke2 Rb7 31. c3 Ke7 32. Nd2 Nd6 33. Ra6 Kd7 34. Nf3 Nb5
35. Kd3 Kd6 36. Nh4 g5 37. Ng6 Nc7 38. Ra5 Kd7 39. Nf8+ Ke8 40. Nh7 Kf7 41. Rc5
Kg7 42. Nxg5 fxg5 43. Rxc6 Kf6 44. f3 Ke7 45. e4 Ra7 46. e5 Nb5 47. c4 Ra3+ 48.
Kd2 Nxd4 49. Rd6 Ra2+ 50. Kc3 Nf5 51. Rc6 Kd7 52. cxd5 exd5 53. Rf6 Ne7 54. b5
Re2 55. e6+ Rxe6 56. Rxe6 Kxe6 57. Kb4 Nc8 58. Kc5 Nd6 59. b6 Ke5 60. g3 d4 61.
f4+ gxf4 62. gxf4+ Ke6 63. Kxd4 h4 64. Kc5 Kd7 65. h3 Nf5 66. Kd5 Ne7+ 67. Ke5
Kc6 68. Kf6 Nc8 69. Kg5 Nxb6 70. Kxh4 Kd6 71. Kg5 Ke7 72. f5 Kf7 73. h4 Nd7 74.
h5 Nf6 75. Kh6 Kg8 76. Kg6 Nh7 77. h6 Nf8+ 78. Kg5 Nh7+ 79. Kg6 Kh8 80. f6 Nxf6
81. Kxf6 Kg8 82. Kg5 Kh8 83. Kg6 Kg8 84. h7+ Kh8 1/2-1/2

[Event "AUTO-INT-3266"]
[Site "http://www.queenalice.com/game.php?id=1506979"]
[Date "2017.12.6"]
[Round "2"]
[White "eloy"]
[Black "spin27"]
[Result "1-0"]
[WhiteElo "1812"]
[BlackElo "1747"]

1. e4 c5 2. Bc4 Nc6 3. Nf3 e6 4. d3 g6 5. Nc3 a6 6. e5 d5 7. exd6 Qxd6 8. O-O
Nd4 9. Ne4 Nxf3+ 10. Qxf3 Qe5 11. c3 Bd6 12. g3 Qf5 13. Nxd6+ 1-0

[Event "AUTO-INT-3266"]
[Site "http://www.queenalice.com/game.php?id=1506980"]
[Date "2017.12.6"]
[Round "2"]
[White "spin27"]
[Black "eloy"]
[Result "1-0"]
[WhiteElo "1733"]
[BlackElo "1833"]

1. d4 d5 2. c4 dxc4 3. Nf3 Nf6 4. Qa4+ Bd7 5. Qxc4 a6 6. Bf4 c6 7. Ng5 e6 8. Qb3
h6 9. Nf3 b5 10. Nbd2 Nd5 11. a3 Be7 12. e3 Nxf4 13. exf4 O-O 14. Ne5 c5 15.
Nxd7 Qxd7 16. Qd3 Nc6 17. dxc5 Qxd3 18. Bxd3 Bxc5 19. Rc1 Bxf2+ 20. Kxf2 Nd4 21.
Ke3 Rfd8 22. Be4 Rab8 23. Rc7 b4 24. a4 f5 25. Bd3 a5 26. Nc4 Nb3 27. Ne5 Nd4
28. Nc6 Nxc6 29. Rxc6 Re8 30. Ra6 Ra8 31. Bb5 Rxa6 32. Bxe8 Rd6 33. Bh5 Kh7 34.
Bd1 Kg6 35. Bb3 Kf6 36. Rd1 Rxd1 37. Bxd1 Ke7 38. Kd4 Kd6 39. Bf3 g5 40. fxg5
hxg5 41. h3 f4 42. b3 e5+ 43. Kc4 Ke6 44. Kb5 1-0

[Event "AUTO-INT-3266"]
[Site "http://www.queenalice.com/game.php?id=1506983"]
[Date "2017.12.6"]
[Round "2"]
[White "spin27"]
[Black "Chphil"]
[Result "0-1"]
[WhiteElo "1721"]
[BlackElo "1931"]

1. d4 Nf6 2. c4 e6 3. Nc3 Bb4 4. e3 d5 5. Qa4+ Nc6 6. c5 O-O 7. Bb5 a6 8. Bxc6
Bxc3+ 9. bxc3 bxc6 10. Qxc6 Bd7 11. Qb7 Bb5 12. a4 Bc4 13. Rb1 Ne4 14. Ne2 Bxe2
15. f3 Nxc3 16. Rb3 Rb8 17. Qxb8 Qxb8 18. Rxb8 Rxb8 19. Kd2 Nxa4 20. Kxe2 Nc3+
21. Kd3 Na2 22. Ba3 Rb3+ 23. Kc2 Rxa3 24. Kb2 Rxe3 25. Kxa2 Re2+ 26. Kb3 Rxg2
27. Ra1 Rxh2 28. Rxa6 g5 29. Rc6 Rf2 30. Rxc7 Rxf3+ 31. Kc2 g4 32. Rb7 g3 33.
Rb1 Rf2+ 34. Kc3 Rf3+ 35. Kc2 Kf8 36. c6 Ke7 37. Kd2 Kd6 0-1

[Event "AUTO-INT-3266"]
[Site "http://www.queenalice.com/game.php?id=1506984"]
[Date "2017.12.6"]
[Round "2"]
[White "Chphil"]
[Black "spin27"]
[Result "1-0"]
[WhiteElo "1922"]
[BlackElo "1734"]

1. d4 Nf6 2. c4 e6 3. Nc3 Bb4 4. e3 d5 5. Bd2 b6 6. Qa4+ b5 7. Qxb4 c6 8. cxb5
cxb5 9. Qxb5+ Bd7 10. Qb7 Nc6 11. Qb3 O-O 12. Nf3 Rb8 13. Qc2 Nb4 14. Qd1 Bc6
15. Ne5 Qc7 16. a3 Ne4 17. axb4 Nxd2 18. Qxd2 Rxb4 19. Nxd5 exd5 20. Qxb4 Rb8
21. Qc5 Rb5 22. Bxb5 1-0

[Event "AUTO-INT-3281"]
[Site "http://www.queenalice.com/game.php?id=1517952"]
[Date "2018.3.1"]
[Round "2"]
[White "noodle"]
[Black "spin27"]
[Result "0-1"]
[WhiteElo "1678"]
[BlackElo "1781"]

1. d4 Nf6 2. Nc3 g6 3. e4 d6 4. d5 c5 5. dxc6 Nxc6 6. Nf3 Bg4 7. h3 Bxf3 8. Qxf3
Nd4 9. Qd3 Qb6 10. b3 e5 11. a4 h5 12. Be3 Bh6 13. Nd5 Nxd5 14. exd5 Bxe3 15.
fxe3 Nf5 16. e4 Qe3+ 17. Qxe3 Nxe3 18. Bb5+ Ke7 19. Ra2 Nxg2+ 0-1

[Event "AUTO-INT-3281"]
[Site "http://www.queenalice.com/game.php?id=1517953"]
[Date "2018.3.1"]
[Round "2"]
[White "spin27"]
[Black "noodle"]
[Result "1-0"]
[WhiteElo "1793"]
[BlackElo "1666"]

1. d4 Nf6 2. c4 d5 3. e3 dxc4 4. Bxc4 c6 5. Nf3 b5 6. Bb3 a5 7. a4 b4 8. Ne5 e6
9. O-O Bd6 10. Nf3 Ba6 11. Re1 Ne4 12. Ne5 f6 13. Nd3 Qd7 14. Qh5+ g6 15. Qe2 e5
16. Nd2 f5 17. Bc4 Nxd2 18. Bxa6 Nb3 19. Nxe5 1-0

[Event "AUTO-INT-3253"]
[Site "http://www.queenalice.com/game.php?id=1549830"]
[Date "2018.11.20"]
[Round "2"]
[White "saturnin"]
[Black "spin27"]
[Result "1-0"]
[WhiteElo "1620"]
[BlackElo "1804"]

1. b4 Nf6 2. d4 d5 3. c3 c6 4. e3 b5 5. Bd3 Nbd7 6. Nf3 a5 7. O-O Nb6 8. Bb2 Nc4
9. Bxc4 bxc4 10. bxa5 Qxa5 11. Ne5 Bb7 12. a4 e6 13. h3 Bd6 14. Nf3 O-O 15. Nbd2
c5 16. Ba3 Qxa4 17. g3 Qxd1 18. Rfxd1 Ne4 19. Nxe4 dxe4 20. Nd2 Ra4 21. Bb2 Rxa1
22. Rxa1 Bd5 23. Ra6 Rd8 24. Kh2 e5 25. Nb1 cxd4 26. cxd4 exd4 27. Bxd4 Bb4 28.
h4 h5 29. Kh3 Kf8 30. Nc3 Bxc3 31. Bxc3 g6 32. Rb6 Rd7 33. Rb8+ Ke7 34. Kg2 Rb7
35. Rh8 Rb3 36. Ba1 Be6 37. Bd4 Ra3 38. Bc5+ 1-0

[Event "AUTO-INT-3253"]
[Site "http://www.queenalice.com/game.php?id=1549831"]
[Date "2018.11.20"]
[Round "2"]
[White "spin27"]
[Black "saturnin"]
[Result "1-0"]
[WhiteElo "1781"]
[BlackElo "1643"]

1. Nf3 d6 2. e4 Nf6 3. Bc4 Nxe4 4. O-O c6 5. d3 Nc5 6. Ng5 e6 7. Qf3 Qe7 8. Nc3
d5 9. Bb3 Nxb3 10. axb3 d4 11. Ne2 h6 12. Qh3 Na6 13. Nxd4 e5 14. Nf5 Qf6 15. g4
g6 16. Re1 hxg5 17. Qe3 Bc5 18. Qxe5+ Qxe5 19. Rxe5+ Be6 20. Ng7+ Ke7 21. Nxe6
fxe6 22. Rxg5 Raf8 23. Be3 Bxe3 24. fxe3 Kf6 25. Rga5 Rh4 26. R5a4 Kg5 27. Re4
Rxg4+ 28. Rxg4+ Kxg4 29. Kg2 Nc7 30. Ra4+ Kh5 31. Rxa7 Rb8 32. Ra5+ Kh6 33. Kg3
g5 34. Kg4 Rg8 35. c4 Rf8 36. h3 b6 37. Ra7 e5 38. Rxc7 c5 39. Rc6+ 1-0

[Event "AUTO-INT-3253"]
[Site "http://www.queenalice.com/game.php?id=1549834"]
[Date "2018.11.20"]
[Round "2"]
[White "spin27"]
[Black "eloy"]
[Result "0-1"]
[WhiteElo "1770"]
[BlackElo "1861"]

1. Nf3 d5 2. g3 Nf6 3. Bg2 Nc6 4. h4 Bf5 5. e3 Nb4 6. c3 Nc2+ 7. Ke2 Nxa1 8. Na3
e6 9. b4 a5 10. Bb2 Bxb4 11. Qxa1 Bxa3 12. Bxa3 b6 13. Nd4 c6 14. Nxc6 Qc8 15.
Ne7 Bg4+ 16. Bf3 Qc4+ 17. d3 Qa4 18. Bxg4 Qxg4+ 19. Kd2 Qa4 20. Qc1 b5 21. Bc5
Qxa2+ 22. Qc2 Qxc2+ 23. Kxc2 Ng8 24. Nc6 Rc8 25. Bb6 Rxc6 26. Bxa5 Nf6 27. Rb1
O-O 28. Rxb5 h6 29. Bb4 Ra8 30. Ra5 Rxa5 31. Bxa5 e5 32. Kd2 e4 33. d4 Ra6 34.
Bb4 Ng4 35. Ke2 Ra2+ 0-1

[Event "AUTO-INT-3253"]
[Site "http://www.queenalice.com/game.php?id=1549835"]
[Date "2018.11.20"]
[Round "2"]
[White "eloy"]
[Black "spin27"]
[Result "1-0"]
[WhiteElo "1858"]
[BlackElo "1758"]

1. e4 Nf6 2. Nc3 d5 3. d3 e5 4. Bg5 Qd6 5. Nf3 Be7 6. h3 Nc6 7. Bxf6 Qxf6 8.
Nxd5 Qd6 9. a4 O-O 10. c3 Be6 11. c4 Bxd5 12. exd5 Nd4 13. Be2 Qb4+ 14. Nd2 Nxe2
15. Qxe2 Qxb2 16. O-O Bb4 17. Rab1 Qxd2 18. Qe4 f5 19. Qxe5 Bd6 20. Rbd1 Qxd1
21. Qe6+ Kh8 22. Rxd1 Rae8 23. Qd7 a6 24. a5 b5 25. cxb5 axb5 26. Qxb5 Rb8 27.
Qa4 Rb4 28. Qa2 Rfb8 29. a6 Bc5 30. a7 Ra8 31. Qa5 Bd6 32. g3 g6 33. Rc1 Rb7 34.
Ra1 Be5 35. Re1 Raxa7 36. Qc5 Ra1 37. Qf8# 1-0